México en sus casas (Record no. 13264)

MARC details
000 -CABECERA
campo de control de longitud fija 01162nam a2200325 4500
003 - IDENTIFICADOR DEL NÚMERO DE CONTROL
campo de control OSt
005 - FECHA Y HORA DE LA ÚLTIMA TRANSACCIÓN
campo de control 20260530115309.0
008 - DATOS DE LONGITUD FIJA--INFORMACIÓN GENERAL
campo de control de longitud fija 260506b1998 mx ||||| |||| 00| 0 spa d
040 ## - FUENTE DE LA CATALOGACIÓN
Centro catalogador/agencia de origen ICI
Lengua de catalogación spa
Centro/agencia transcriptor ICI
041 ## - CÓDIGO DE LENGUA
Código de lengua del texto/banda sonora o título independiente spa
050 4# - SIGNATURA TOPOGRÁFICA DE LA BIBLIOTECA DEL CONGRESO
Número de clasificación NA7244
Número de documento/Ítem M49 1998
100 1# - ENTRADA PRINCIPAL--NOMBRE DE PERSONA
Nombre de persona Serra Puche Mari Carmen
Fechas asociadas al nombre autora
9 (RLIN) 32556
245 00 - MENCIÓN DE TÍTULO
Título México en sus casas
Mención de responsabilidad, etc. Serra Puche Maricarmen
264 #1 - PRODUCCIÓN, PUBLICACIÓN, DISTRIBUCIÓN, FABRICACIÓN Y COPYRIGHT
Producción, publicación, distribución, fabricación y copyright México, D.F. :
Nombre del de productor, editor, distribuidor, fabricante UNAM, Dirección General de Publicaciones y Fomento Editorial,
Fecha de producción, publicación, distribución, fabricación o copyright 1998
300 ## - DESCRIPCIÓN FÍSICA
Extensión 178 páginas :
Otras características físicas ilustraciones
336 ## - TIPO DE CONTENIDO
Término de tipo de contenido texto
Fuente rdacontent
337 ## - TIPO DE MEDIO
Nombre/término del tipo de medio sin medio
Fuente rdamedia
338 ## - TIPO DE SOPORTE
Nombre/término del tipo de soporte volumen
Fuente rdacarrier
650 0# - PUNTO DE ACCESO ADICIONAL DE MATERIA--TÉRMINO DE MATERIA
Término de materia o nombre geográfico como elemento de entrada Arquitectura doméstica
Subdivisión geográfica México
9 (RLIN) 1939
700 1# - PUNTO DE ACCESO ADICIONAL--NOMBRE DE PERSONA
Nombre de persona Horz Balbás, Elena ;
Término indicativo de función/relación autor
9 (RLIN) 32557
700 1# - PUNTO DE ACCESO ADICIONAL--NOMBRE DE PERSONA
Nombre de persona Chanfón Olmos, Carlos ;
Término indicativo de función/relación autor
9 (RLIN) 20
700 1# - PUNTO DE ACCESO ADICIONAL--NOMBRE DE PERSONA
Nombre de persona Vargaslugo, Elisa ;
Término indicativo de función/relación autor
9 (RLIN) 356
700 1# - PUNTO DE ACCESO ADICIONAL--NOMBRE DE PERSONA
Nombre de persona Arnal Simón, Luis ;
Término indicativo de función/relación autor
9 (RLIN) 6709
700 1# - PUNTO DE ACCESO ADICIONAL--NOMBRE DE PERSONA
Nombre de persona Pérez de Salazar Verea, Francisco ;
Término indicativo de función/relación autor
9 (RLIN) 32558
700 1# - PUNTO DE ACCESO ADICIONAL--NOMBRE DE PERSONA
Nombre de persona Ortiz Macedo, Luis ;
Término indicativo de función/relación autor
700 1# - PUNTO DE ACCESO ADICIONAL--NOMBRE DE PERSONA
Nombre de persona De Robina Ricardo ;
Término indicativo de función/relación autor
9 (RLIN) 32559
700 1# - PUNTO DE ACCESO ADICIONAL--NOMBRE DE PERSONA
Nombre de persona Álvarez José Rogelio ;
Término indicativo de función/relación autor
9 (RLIN) 22992
700 1# - PUNTO DE ACCESO ADICIONAL--NOMBRE DE PERSONA
Nombre de persona Alba Aldave, Fernando ;
Término indicativo de función/relación autor
9 (RLIN) 32560
942 ## - ELEMENTOS DE PUNTO DE ACCESO ADICIONAL (KOHA)
Fuente del sistema de clasificación o colocación Library of Congress Classification
Tipo de ítem Koha
Suprimir en OPAC 1

No items available.